[Event "XVI Festival A"]
[Site "Porto San Giorgio ITA"]
[Date "2004.08.28"]
[Round "8"]
[White "Laketic, Gojko"]
[Black "Cocchi, Andrea"]
[Result "1-0"]
[WhiteElo "2403"]
[BlackElo "2295"]
[PlyCount "57"]
[EventDate "2004.08.21"]

1. d4 d5 2. c4 c6 3. Nf3 Nf6 4. Nc3 e6 5. cxd5 cxd5 6. Bg5 Be7 7. e3 Nc6 8. Bd3
Bd7 9. O-O O-O 10. Rc1 a6 11. Ne5 Rc8 12. f4 b5 13. Rf3 g6 14. a3 Kg7 15. Rh3
Ng8 16. Qg4 Bxg5 17. fxg5 Nxe5 18. dxe5 h6 19. gxh6+ Nxh6 20. Qf4 Ng8 21. Rf1
f5 22. exf6+ Rxf6 23. Qe5 Qc7 24. Qg5 Rxf1+ 25. Kxf1 Rf8+ 26. Ke1 Rf6 27. Qh4
Kf8 28. Qb4+ Ne7 29. Rh8+ 1-0

[Event "XVI Festival A"]
[Site "Porto San Giorgio ITA"]
[Date "2004.08.28"]
[Round "8"]
[White "Lalic, Bogdan"]
[Black "Tomescu, Vlad"]
[Result "1-0"]
[WhiteElo "2527"]
[BlackElo "2397"]
[PlyCount "55"]
[EventDate "2004.08.21"]

1. d4 Nf6 2. c4 g6 3. Nc3 d5 4. cxd5 Nxd5 5. e4 Nxc3 6. bxc3 c5 7. Nf3 Bg7 8.
Rb1 O-O 9. Be2 b6 10. O-O Bb7 11. Qd3 Ba6 12. Qc2 cxd4 13. Bxa6 Nxa6 14. cxd4
Qd7 15. Ba3 Rfe8 16. Rfd1 Rac8 17. Qb3 e6 18. h4 Qb7 19. d5 exd5 20. Rxd5 Rcd8
21. Rbd1 Rxd5 22. exd5 h6 23. d6 Qd7 24. Qd5 Re6 25. g3 Nc5 26. Bxc5 bxc5 27.
Qxc5 Bf8 28. Qc7 1-0

[Event "XVI Festival A"]
[Site "Porto San Giorgio ITA"]
[Date "2004.08.28"]
[Round "8"]
[White "Lazic, Miroljub"]
[Black "Nijboer, Friso"]
[Result "0-1"]
[WhiteElo "2471"]
[BlackElo "2568"]
[PlyCount "60"]
[EventDate "2004.08.21"]

1. g3 f5 2. Nf3 Nf6 3. c4 d6 4. d4 g6 5. b4 Bg7 6. Bb2 O-O 7. Bg2 e5 8. dxe5
Ng4 9. c5 Kh8 10. cxd6 cxd6 11. Qb3 Nxe5 12. Nbd2 Qe7 13. Nd4 a5 14. O-O axb4
15. Nc4 Nbd7 16. Qxb4 Nxc4 17. Qxc4 Nb6 18. Qb4 Na4 19. Rad1 Nxb2 20. Qxb2 f4
21. a3 Ra4 22. Rd3 Qe5 23. Rfd1 Qf6 24. Qb5 fxg3 25. fxg3 Rxd4 26. Rxd4 Qf2+
27. Kh1 Bxd4 28. Rf1 Qxf1+ 29. Bxf1 Rxf1+ 30. Kg2 Rf2+ 0-1

[Event "XVI Festival A"]
[Site "Porto San Giorgio ITA"]
[Date "2004.08.28"]
[Round "8"]
[White "Melotti, Dario"]
[Black "Del Monaco, Andrea"]
[Result "0-1"]
[WhiteElo "2082"]
[BlackElo "2208"]
[PlyCount "81"]
[EventDate "2004.08.21"]

1. c4 Nf6 2. Nc3 e5 3. Nf3 Nc6 4. d4 exd4 5. Nxd4 Bc5 6. Nc2 O-O 7. Be3 Be7 8.
h3 Re8 9. g3 Ne5 10. b3 c6 11. Bg2 d5 12. cxd5 Bf5 13. O-O cxd5 14. Nd4 Bg6 15.
Bg5 Nc6 16. Ncb5 h6 17. Bf4 Ne4 18. Rc1 Bf6 19. Nxc6 bxc6 20. Nc7 Nc3 21. Rxc3
Bxc3 22. Nxa8 Qxa8 23. Qc1 Bf6 24. e3 a5 25. Qc5 a4 26. b4 Bd3 27. Rd1 Bc4 28.
b5 cxb5 29. Rxd5 Bxd5 30. Bxd5 Qd8 31. Qxb5 g5 32. Bc7 Qe7 33. Qxa4 Rc8 34. Bb6
Qd6 35. Bb7 Rc1+ 36. Kg2 Qxb6 37. Qe8+ Kg7 38. Bd5 Rc7 39. Qe4 Re7 40. Qf3 Qb4
41. e4 0-1

[Event "XVI Festival A"]
[Site "Porto San Giorgio ITA"]
[Date "2004.08.28"]
[Round "8"]
[White "Nardi, Marco"]
[Black "Cristiani, Cesare"]
[Result "1-0"]
[WhiteElo "1888"]
[BlackElo "2155"]
[PlyCount "81"]
[EventDate "2004.08.21"]

1. e4 e6 2. d4 d5 3. Nc3 Bb4 4. e5 b6 5. Qg4 Kf8 6. Bd2 Ne7 7. f4 Nf5 8. Nf3
Ba6 9. Bxa6 Nxa6 10. Qh3 c5 11. a3 cxd4 12. axb4 Nxb4 13. Nb5 Nxc2+ 14. Kf2 Qd7
15. Rac1 d3 16. Na3 Rc8 17. g4 Ne7 18. Qf1 h5 19. g5 g6 20. Qxd3 Nxa3 21. Rxc8+
Qxc8 22. Qxa3 Qc5+ 23. Qxc5 bxc5 24. Rc1 c4 25. Ra1 Nc8 26. Nd4 Kg7 27. Nc6 Re8
28. Nxa7 Ne7 29. Bc3 Rb8 30. Ra5 Rb7 31. Ra6 Nf5 32. Nc6 Rd7 33. Nd4 Nxd4 34.
Bxd4 Rb7 35. Ra8 Rb3 36. Bc3 Rb7 37. Ke3 Rb3 38. Kd2 Rb7 39. Kc2 Rb3 40. Kc1
Kh7 41. Ba5 1-0

[Event "XVI Festival A"]
[Site "Porto San Giorgio ITA"]
[Date "2004.08.28"]
[Round "8"]
[White "Paci, Daniele"]
[Black "Della Corte, Alessandro"]
[Result "1-0"]
[WhiteElo "1880"]
[BlackElo "2128"]
[PlyCount "57"]
[EventDate "2004.08.21"]

1. d4 Nf6 2. Nf3 g6 3. Bg5 Bg7 4. e3 d6 5. Bxf6 Bxf6 6. Bd3 c5 7. c3 O-O 8. h4
Qb6 9. Qc2 Bg7 10. h5 Nd7 11. Nbd2 Nf6 12. hxg6 fxg6 13. Ng5 cxd4 14. Bxg6 h6
15. Bh7+ Kh8 16. exd4 Bg4 17. Bg6 Qb5 18. Ndf3 Bxf3 19. Nxf3 e5 20. O-O-O exd4
21. Rxd4 Ng8 22. Rxd6 Qa5 23. Kb1 b5 24. Be4 Rac8 25. Bd5 Rxf3 26. Bxg8 Kxg8
27. gxf3 b4 28. Qg6 bxc3 29. Qe6+ 1-0

[Event "XVI Festival A"]
[Site "Porto San Giorgio ITA"]
[Date "2004.08.28"]
[Round "8"]
[White "Ragnoni, Alessandro"]
[Black "Raineri, Valerio"]
[Result "0-1"]
[WhiteElo "2075"]
[BlackElo "2197"]
[PlyCount "84"]
[EventDate "2004.08.21"]

1. e4 e5 2. Nf3 Nc6 3. d4 exd4 4. Bc4 Nf6 5. O-O Bc5 6. e5 d5 7. exf6 dxc4 8.
Re1+ Kf8 9. Bg5 gxf6 10. Bh6+ Kg8 11. Nbd2 Bf8 12. Bxf8 Kxf8 13. Nxc4 Qd5 14.
Ncd2 Bg4 15. h3 Bh5 16. c4 dxc3 17. bxc3 Rd8 18. Qa4 Kg7 19. Rab1 Ne5 20. Nd4
Bg6 21. Rb5 c5 22. N4b3 Qd7 23. Ra5 Nc6 24. Rxc5 Rhe8 25. Rxe8 Qxe8 26. Qf4 Ne5
27. Rc7 Nd3 28. Qe3 Qa4 29. Rxb7 Qxa2 30. Rxa7 Qc2 31. c4 Nc1 32. Nd4 Rxd4 33.
Nf3 Rxc4 34. Ra8 Ne2+ 35. Kh2 Qe4 36. Qa3 Rb4 37. Rd8 Nf4 38. Qa7 Qb7 39. Qe3
Ne6 40. Rd2 Rb3 41. Qe2 Nf4 42. Qe8 Nd3 0-1

[Event "XVI Festival A"]
[Site "Porto San Giorgio ITA"]
[Date "2004.08.28"]
[Round "8"]
[White "Rigo, Janos"]
[Black "Kolbus, Dietmar"]
[Result "0-1"]
[WhiteElo "2314"]
[BlackElo "2303"]
[PlyCount "140"]
[EventDate "2004.08.21"]

1. e4 e6 2. d4 d5 3. Nc3 dxe4 4. Nxe4 Bd7 5. Bd3 Bc6 6. Nf3 Nd7 7. O-O Ngf6 8.
Nxf6+ Nxf6 9. Ne5 Qd5 10. Nxc6 Qxc6 11. c4 Rd8 12. Be3 Be7 13. Qe2 O-O 14. Rad1
a6 15. a3 Rfe8 16. Rfe1 h6 17. b4 Bf8 18. Bf4 g6 19. Qe3 Bg7 20. h3 Qd7 21. Be5
c6 22. g4 Nh7 23. Bc2 Qe7 24. Bf4 Qf6 25. Be5 Qe7 26. Kg2 Bxe5 27. dxe5 Kg7 28.
c5 Rxd1 29. Rxd1 Ra8 30. a4 Nf8 31. Rd6 Qc7 32. a5 Qe7 33. f4 Qh4 34. Rd4 Rd8
35. Rd6 Re8 36. Be4 f5 37. Bf3 Re7 38. b5 fxg4 39. hxg4 axb5 40. a6 bxa6 41.
Rxc6 Rf7 42. Rxa6 h5 43. Be2 hxg4 44. Qg3 Qd8 45. Rd6 Qa8+ 46. c6 Qa2 47. Qe3
b4 48. Kg3 Qc2 49. Bd1 Qc4 50. Bxg4 b3 51. Be2 Qb4 52. Bd3 Qc3 53. Kf2 b2 54.
f5 gxf5 55. Qg5+ Kh7 56. Bb1 Qxe5 57. Qh4+ Kg7 58. Rd3 Qc5+ 59. Ke2 Qxc6 60.
Rg3+ Ng6 61. Qd4+ Rf6 62. Qxb2 Qc7 63. Kf2 Kf7 64. Rh3 Nf8 65. Qd4 Rg6 66. Qc3
Qf4+ 67. Rf3 Qh2+ 68. Ke3 Qg1+ 69. Kf4 Qxb1 70. Qc7+ Kg8 0-1

[Event "XVI Festival A"]
[Site "Porto San Giorgio ITA"]
[Date "2004.08.28"]
[Round "8"]
[White "Rossi, Giampiero"]
[Black "Vigile, Matteo"]
[Result "1-0"]
[WhiteElo "2012"]
[BlackElo "2109"]
[PlyCount "101"]
[EventDate "2004.08.21"]

1. d4 Nf6 2. c4 c5 3. dxc5 e6 4. Nc3 Bxc5 5. Nf3 Nc6 6. a3 a5 7. Bg5 Qb6 8. e3
a4 9. Bxf6 gxf6 10. Nxa4 Rxa4 11. Qxa4 Qxb2 12. Rd1 Bxa3 13. Be2 Bb4+ 14. Kf1
Bc5 15. Qa1 Qxa1 16. Rxa1 e5 17. g3 f5 18. Kg2 Rg8 19. Rhd1 d6 20. Nd2 Ke7 21.
Nb3 Bb6 22. c5 dxc5 23. Rac1 f4 24. Nxc5 fxe3 25. fxe3 f5 26. Bb5 Rg6 27. Bxc6
bxc6 28. Nd3 Bxe3 29. Nxe5 Re6 30. Nxc6+ Kf6 31. Nd8 Bxc1 32. Nxe6 Bxe6 33.
Rxc1 Bd5+ 34. Kf2 h5 35. Ke3 Kg5 36. Rc5 Be4 37. h3 Bg2 38. h4+ Kg4 39. Kf2 Be4
40. Rc7 Kh3 41. Rg7 f4 42. gxf4 Kxh4 43. Ke3 Bf5 44. Kd4 Kh3 45. Ke5 Bb1 46. f5
h4 47. f6 Ba2 48. Kf4 Kh2 49. Kf3 h3 50. Kf2 Kh1 51. Kg3 1-0

[Event "XVI Festival A"]
[Site "Porto San Giorgio ITA"]
[Date "2004.08.28"]
[Round "8"]
[White "Rovedi, Mauro"]
[Black "Pepe, Mario"]
[Result "0-1"]
[WhiteElo "1957"]
[BlackElo "2145"]
[PlyCount "98"]
[EventDate "2004.08.21"]

1. e4 Nf6 2. e5 Nd5 3. d4 d6 4. c4 Nb6 5. exd6 cxd6 6. Nc3 g6 7. Be3 Bg7 8. Rc1
O-O 9. Be2 Nc6 10. b3 Nd7 11. Nf3 Nf6 12. d5 Nb4 13. a3 Na6 14. b4 b6 15. Nd4
Bb7 16. O-O Qc7 17. h4 Nb8 18. Ncb5 Qd7 19. h5 Na6 20. hxg6 hxg6 21. Bf3 Nc7
22. Nc3 Rfd8 23. Bg5 Nh7 24. Be3 Nf6 25. Re1 Bc8 26. Bg5 Re8 27. Rc2 Ng4 28.
Bxe7 Rxe7 29. Rxe7 Qxe7 30. Bxg4 Bxg4 31. Qxg4 Qe1+ 32. Kh2 Qe5+ 33. g3 Qxd4
34. Qxd4 Bxd4 35. Ne4 Ne8 36. Rd2 Bg7 37. c5 bxc5 38. bxc5 dxc5 39. Nxc5 Rd8
40. Nb7 Rd7 41. Nc5 Rc7 42. Na6 Rb7 43. Rd3 Nd6 44. Nb4 Bf8 45. Nc6 Kg7 46. a4
Ne4 47. Rd4 f5 48. f3 Rb2+ 49. Kh3 Ng5+ 0-1

[Event "XVI Festival A"]
[Site "Porto San Giorgio ITA"]
[Date "2004.08.28"]
[Round "8"]
[White "Sabia, Corrado"]
[Black "Trent, Lawrence"]
[Result "1/2-1/2"]
[WhiteElo "2150"]
[BlackElo "2400"]
[PlyCount "131"]
[EventDate "2004.08.21"]

1. e4 e5 2. Nf3 Nc6 3. Bb5 Bc5 4. c3 Nf6 5. O-O O-O 6. d4 Bb6 7. dxe5 Nxe4 8.
Qd5 Nc5 9. Bg5 Ne7 10. Qd1 Ne4 11. Bh4 d5 12. Nbd2 c6 13. Bd3 f5 14. exf6 Nxf6
15. Qc2 g6 16. Rae1 Nf5 17. Bg5 h6 18. Bf4 Ng4 19. Re2 g5 20. Be5 Nxe5 21. Nxe5
Qf6 22. Ndf3 Qg7 23. g3 g4 24. Ne1 Bc7 25. f4 Bb6+ 26. Kh1 Be6 27. Ng2 Rae8 28.
Rfe1 Bc8 29. Qd1 h5 30. Qd2 Qh6 31. Bc2 Kg7 32. Nd3 h4 33. Nxh4 Rxe2 34. Qxe2
Nxh4 35. Qe5+ Kg8 36. gxh4 Qxh4 37. Re2 Bf5 38. Ne1 Qh3 39. Rg2 Qh5 40. Bxf5
Rxf5 41. Qe6+ Kh7 42. Nd3 Qg6 43. Qxg6+ Kxg6 44. Rxg4+ Kf6 45. Kg2 d4 46. cxd4
Bxd4 47. Kf3 Ra5 48. a3 c5 49. Rg5 b6 50. Ke4 Ra4 51. Kd5 Be3 52. Kc6 Rd4 53.
Rd5 Rc4 54. Rd7 Rc2 55. Rxa7 Rxh2 56. Ne5 Kf5 57. Rf7+ Ke6 58. Rb7 Rxb2 59. Nc4
Re2 60. Nxe3 Rxe3 61. Rxb6 Rc3 62. Rb5 c4 63. Kc5 Rc1 64. Kd4 c3 65. Rc5 c2 66.
Kd3 1/2-1/2

[Event "XVI Festival A"]
[Site "Porto San Giorgio ITA"]
[Date "2004.08.29"]
[Round "9"]
[White "Andreolini, Mauro"]
[Black "Sciortino, Massimo"]
[Result "1-0"]
[WhiteElo "1898"]
[BlackElo "2253"]
[PlyCount "111"]
[EventDate "2004.08.21"]

1. d4 Nf6 2. Nf3 g6 3. c4 Bg7 4. Nc3 O-O 5. e4 d6 6. g3 c5 7. Bg2 cxd4 8. Nxd4
Qb6 9. Nde2 Be6 10. b3 Nc6 11. O-O Bg4 12. Be3 Qa5 13. f3 Be6 14. Qd2 Rfc8 15.
Rac1 a6 16. Nf4 b5 17. Nxe6 fxe6 18. Bh3 Kf7 19. f4 bxc4 20. bxc4 Rab8 21. f5
Kg8 22. fxg6 Nd8 23. gxh7+ Kh8 24. c5 Rxc5 25. Bxc5 Qxc5+ 26. Qf2 Qh5 27. Kg2
Nf7 28. Qf3 Rb2+ 29. Rf2 Rxf2+ 30. Qxf2 Ng5 31. Bxe6 Nxe6 32. Qf5 Qxf5 33. exf5
Nd4 34. Rf1 Ng4 35. Nd5 Nc2 36. Rf4 Nge3+ 37. Nxe3 Nxe3+ 38. Kf3 Nd5 39. Rh4 a5
40. g4 Bf6 41. Rh5 Nc3 42. g5 Be5 43. g6 d5 44. a3 a4 45. Ke3 Bf6 46. Rh3 Nb5
47. Kf4 d4 48. Rd3 Bg7 49. h4 Nc7 50. h5 e5+ 51. fxe6 Nxe6+ 52. Kf5 Nc5 53. Rd1
Nd7 54. Re1 Be5 55. h6 d3 56. Rd1 1-0

[Event "XVI Festival A"]
[Site "Porto San Giorgio ITA"]
[Date "2004.08.29"]
[Round "9"]
[White "Bontempi, Piero"]
[Black "Paci, Daniele"]
[Result "1-0"]
[WhiteElo "2325"]
[BlackElo "1880"]
[PlyCount "57"]
[EventDate "2004.08.21"]

1. e4 g6 2. d4 Bg7 3. Nc3 c6 4. Be3 d5 5. Qd2 a6 6. O-O-O b5 7. Bd3 Be6 8. exd5
Bxd5 9. Nf3 Bxf3 10. gxf3 Bxd4 11. Bxg6 hxg6 12. Bxd4 Rh5 13. Qe3 Nd7 14. Ne4
Qc7 15. h4 Rf5 16. Bb6 Qe5 17. Ba5 Ngf6 18. Qd3 Qf4+ 19. Kb1 Rd5 20. Qc3 Rc8
21. Rde1 Kf8 22. Qa3 c5 23. Bc3 Rc6 24. Qb3 Rh5 25. Bd2 Qf5 26. Ng3 Qd5 27.
Nxh5 Qxb3 28. Nxf6 Qa4 29. Bh6# 1-0

[Event "XVI Festival A"]
[Site "Porto San Giorgio ITA"]
[Date "2004.08.29"]
[Round "9"]
[White "Bracaglia, Carlo"]
[Black "Rossi, Giampiero"]
[Result "1/2-1/2"]
[WhiteElo "2166"]
[BlackElo "2012"]
[PlyCount "46"]
[EventDate "2004.08.21"]

1. e4 c5 2. Nf3 e6 3. d4 cxd4 4. Nxd4 a6 5. c4 Nf6 6. Nc3 Qc7 7. Be2 Be7 8. O-O
O-O 9. Be3 d6 10. Rc1 Bd7 11. f4 Nc6 12. Bf3 Rfc8 13. Kh1 Rab8 14. a4 Nxd4 15.
Bxd4 e5 16. Be3 Qxc4 17. Nd5 Nxd5 18. Rxc4 Nxe3 19. Rxc8+ Rxc8 20. Qe2 Nxf1 21.
Qxf1 Bxa4 22. g3 Bb5 23. Qd1 Bc6 1/2-1/2

[Event "XVI Festival A"]
[Site "Porto San Giorgio ITA"]
[Date "2004.08.29"]
[Round "9"]
[White "Cioara, Andrei Nestor"]
[Black "Burmakin, Vladimir"]
[Result "0-1"]
[WhiteElo "2373"]
[BlackElo "2551"]
[PlyCount "92"]
[EventDate "2004.08.21"]

1. e4 c6 2. d4 d5 3. e5 Bf5 4. Nf3 e6 5. Be2 Nd7 6. O-O Bg6 7. Nbd2 Nh6 8. b3
Be7 9. c4 O-O 10. Bb2 f6 11. exf6 Bxf6 12. Ne5 Nxe5 13. dxe5 Be7 14. Nf3 Nf5
15. g4 Nh4 16. Nxh4 Bxh4 17. f4 Be4 18. cxd5 cxd5 19. Bd4 Qe8 20. Qd2 Qg6 21.
Rac1 Bd8 22. Qe3 Rf7 23. Qg3 Bb6 24. Bxb6 axb6 25. a4 Rd8 26. Qh4 Rff8 27. Rc7
d4 28. f5 exf5 29. e6 Qxe6 30. Bc4 Bd5 31. Re1 Qg6 32. Ree7 Bxc4 33. bxc4 d3
34. Rxg7+ Qxg7 35. Rxg7+ Kxg7 36. Qe7+ Kg8 37. Qg5+ Kh8 38. Qd2 fxg4 39. Kg2
Rf6 40. Kg3 Rdd6 41. Kg2 Kg7 42. Kg3 Kf7 43. Kh4 Ke7 44. Qe3+ Kd7 45. Qd2 Kc6
46. Kg3 Rfe6 0-1

[Event "XVI Festival A"]
[Site "Porto San Giorgio ITA"]
[Date "2004.08.29"]
[Round "9"]
[White "Collutiis, Duilio"]
[Black "Nardi, Marco"]
[Result "1-0"]
[WhiteElo "2387"]
[BlackElo "1888"]
[PlyCount "129"]
[EventDate "2004.08.21"]

1. e4 c5 2. Nf3 Nc6 3. d4 cxd4 4. Nxd4 e5 5. Nb5 d6 6. Be3 a6 7. N5c3 Nge7 8.
Nd2 d5 9. exd5 Nxd5 10. Nxd5 Qxd5 11. Nc4 Qxd1+ 12. Rxd1 Bf5 13. c3 Rd8 14.
Rxd8+ Kxd8 15. Bb6+ Kc8 16. Be2 f6 17. O-O Nb8 18. Rd1 Nd7 19. Be3 Kc7 20. a4
Bc2 21. Ra1 Bc5 22. b4 Bxe3 23. Nxe3 Bg6 24. a5 e4 25. Nd5+ Kb8 26. Rd1 Ne5 27.
Nb6 Bf5 28. Rd4 Re8 29. h3 Nc6 30. Rd5 Be6 31. Rd1 Bb3 32. Rd7 Re7 33. Kf1 Rxd7
34. Nxd7+ Kc7 35. Nc5 Bd5 36. Bg4 b6 37. axb6+ Kxb6 38. Be2 a5 39. Na4+ Kc7 40.
c4 Bf7 41. b5 Ne5 42. c5 Bb3 43. Nc3 f5 44. Ke1 a4 45. Nb1 Bc4 46. Bxc4 Nxc4
47. Nc3 a3 48. Kd1 Nb2+ 49. Kc2 Nd3 50. b6+ Kb8 51. Kb3 Nxf2 52. Nd5 Nd3 53. c6
Nc5+ 54. Kxa3 Ne6 55. c7+ Kb7 56. Ne7 Nxc7 57. bxc7 Kxc7 58. Nxf5 g6 59. Ng3
Kd6 60. Kb3 Ke5 61. Ne2 h5 62. Kc3 h4 63. Kd2 g5 64. Ke3 Kf5 65. Nc3 1-0

[Event "XVI Festival A"]
[Site "Porto San Giorgio ITA"]
[Date "2004.08.29"]
[Round "9"]
[White "Della Corte, Alessandro"]
[Black "Grasso, Nino"]
[Result "1-0"]
[WhiteElo "2128"]
[BlackElo "1989"]
[PlyCount "73"]
[EventDate "2004.08.21"]

1. e4 e5 2. Nf3 Nc6 3. Bb5 a6 4. Ba4 Nf6 5. O-O Be7 6. Re1 b5 7. Bb3 O-O 8. d4
d6 9. c3 exd4 10. cxd4 Bg4 11. Nc3 Na5 12. Bc2 c5 13. dxc5 dxc5 14. e5 Qxd1 15.
Rxd1 Nd7 16. h3 Be6 17. Nd5 Bd8 18. Nf4 Ra7 19. b3 c4 20. Be3 Rc7 21. Nxe6 fxe6
22. Rd6 Nb7 23. Rxa6 Nbc5 24. Rd6 Be7 25. Bxc5 Nxc5 26. Rb6 Rb7 27. Rxb7 Nxb7
28. Rd1 Rd8 29. Rxd8+ Nxd8 30. Nd4 cxb3 31. Bxb3 b4 32. Bxe6+ Nxe6 33. Nxe6 Kf7
34. Nc7 Bc5 35. Kf1 Kg6 36. g4 Kg5 37. Ne6+ 1-0

[Event "XVI Festival A"]
[Site "Porto San Giorgio ITA"]
[Date "2004.08.29"]
[Round "9"]
[White "Kohlweyer, Bernd"]
[Black "Mrdja, Milan"]
[Result "1-0"]
[WhiteElo "2411"]
[BlackElo "2432"]
[PlyCount "75"]
[EventDate "2004.08.21"]

1. d4 g6 2. c4 Bg7 3. Nc3 c5 4. d5 d6 5. e4 Nf6 6. f3 O-O 7. Nge2 e6 8. Ng3
exd5 9. cxd5 a6 10. a4 Nbd7 11. Be2 h5 12. Bg5 Re8 13. O-O Qe7 14. Qd2 Qf8 15.
Nh1 Nh7 16. Be3 f5 17. Nf2 Ne5 18. Kh1 Bd7 19. Rae1 Kh8 20. exf5 gxf5 21. Nh3
Qf7 22. Nf4 Nf6 23. a5 Ng6 24. Nxg6+ Qxg6 25. Bc4 Nh7 26. Ne2 Nf8 27. Nf4 Qf7
28. Qc1 Be5 29. Bd2 Bb5 30. b3 Bd4 31. Bc3 Bxc3 32. Qxc3+ Kh7 33. h4 Rxe1 34.
Rxe1 Re8 35. Rxe8 Qxe8 36. Qf6 Qe1+ 37. Kh2 Qe5 38. Qf7+ 1-0

[Event "XVI Festival A"]
[Site "Porto San Giorgio ITA"]
[Date "2004.08.29"]
[Round "9"]
[White "Kolbus, Dietmar"]
[Black "Lazic, Miroljub"]
[Result "0-1"]
[WhiteElo "2303"]
[BlackElo "2471"]
[PlyCount "120"]
[EventDate "2004.08.21"]

1. c4 e5 2. Nc3 Nc6 3. g3 g6 4. Bg2 Bg7 5. e3 d6 6. Nge2 h5 7. Nd5 h4 8. Nec3
Nce7 9. Nb5 Nxd5 10. cxd5 Bd7 11. Nc3 f5 12. d3 Nf6 13. Bd2 c5 14. e4 Qb6 15.
Qe2 O-O-O 16. O-O-O Qa6 17. Bg5 b5 18. a3 h3 19. Bf1 Rdf8 20. f3 f4 21. Bxf6
Bxf6 22. g4 Qb6 23. Nb1 Kd8 24. Qf2 Ke7 25. Rd2 Bh4 26. Qe2 Bg5 27. Qf2 Rc8 28.
Rc2 Kf7 29. Nd2 Qb7 30. Kb1 Bh4 31. Qe2 Bd8 32. Qe1 Bb6 33. Be2 Rb8 34. Rf1 g5
35. Rh1 a6 36. Qf1 Kg6 37. Ka1 Ba7 38. Qc1 Kf6 39. Qf1 a5 40. Qc1 a4 41. Nb1
Bb6 42. Qd2 Qa7 43. Rd1 Ba5 44. Qc1 Bc8 45. Rh1 Ba6 46. Qf1 Rb6 47. Qf2 Rhb8
48. Rhc1 Qh7 49. Bf1 R8b7 50. Be2 Qh8 51. Bf1 Kg6 52. Rd1 b4 53. Rdc1 bxa3 54.
Nxa3 Bb4 55. Nc4 Bxc4 56. Rxc4 Qb8 57. R1c2 Ba3 58. bxa3 Rb1+ 59. Ka2 Ra1+ 60.
Kxa1 Rb1+ 0-1

[Event "XVI Festival A"]
[Site "Porto San Giorgio ITA"]
[Date "2004.08.29"]
[Round "9"]
[White "Paci, Stefano"]
[Black "Affinito, Pancrazio"]
[Result "1-0"]
[WhiteElo "2003"]
[BlackElo "2115"]
[PlyCount "65"]
[EventDate "2004.08.21"]

1. d4 Nf6 2. Nf3 c5 3. c4 cxd4 4. Nxd4 g6 5. Nc3 Bg7 6. e4 d6 7. Be2 Nc6 8. Be3
Bd7 9. O-O Nxd4 10. Bxd4 O-O 11. Qd2 Bc6 12. f3 Qa5 13. a3 Nh5 14. Bxg7 Kxg7
15. Qd4+ Kg8 16. Rfd1 Nf4 17. Bf1 Qg5 18. Nd5 e5 19. Qd2 Bxd5 20. exd5 Qe7 21.
g3 Nh5 22. Rac1 Rac8 23. Rc3 f5 24. c5 Rxc5 25. Rxc5 dxc5 26. d6 Qe6 27. Qc3
Kg7 28. Qxc5 Rc8 29. Qxa7 Qb3 30. Rd3 Qxb2 31. d7 Rd8 32. Qc5 Kf7 33. Qc7 1-0

[Event "XVI Festival A"]
[Site "Porto San Giorgio ITA"]
[Date "2004.08.29"]
[Round "9"]
[White "Piva, Giorgio"]
[Black "Frugoli, Francesco"]
[Result "1-0"]
[WhiteElo "2173"]
[BlackElo "2034"]
[PlyCount "67"]
[EventDate "2004.08.21"]

1. d4 d5 2. c4 e6 3. Nc3 c5 4. e3 Nf6 5. Nf3 Nc6 6. a3 a5 7. Be2 Bd6 8. Nb5 O-O
9. O-O cxd4 10. exd4 Bb8 11. Bg5 h6 12. Bh4 Qe7 13. Qc2 Rd8 14. Rad1 Bd7 15.
Rfe1 Rc8 16. Qd2 Ne4 17. Qe3 g5 18. Bg3 Nxg3 19. hxg3 Qf6 20. Nc3 Ne7 21. c5
Nf5 22. Qd2 a4 23. Bd3 Kh8 24. Bc2 Rg8 25. Ne5 Be8 26. Qd3 Rg7 27. Nxd5 Qd8 28.
Nb6 Ra6 29. d5 Bxe5 30. Rxe5 Qf6 31. Rde1 Rxb6 32. cxb6 Bd7 33. Qc3 h5 34. Bxf5
1-0

[Event "XVI Festival A"]
[Site "Porto San Giorgio ITA"]
[Date "2004.08.29"]
[Round "9"]
[White "Raineri, Valerio"]
[Black "Friedrich, Norbert"]
[Result "0-1"]
[WhiteElo "2197"]
[BlackElo "2319"]
[PlyCount "38"]
[EventDate "2004.08.21"]

1. e4 c5 2. Nf3 e6 3. d4 cxd4 4. Nxd4 a6 5. Bd3 Nf6 6. O-O d6 7. Kh1 Nbd7 8.
Nc3 b5 9. a3 Bb7 10. Qe2 Be7 11. f4 Nc5 12. f5 e5 13. Nf3 Rc8 14. Nd2 O-O 15.
g4 d5 16. Rd1 dxe4 17. Ndxe4 Ncxe4 18. Bxe4 Nxe4 19. Nxe4 Bxe4+ 0-1

[Event "XVI Festival A"]
[Site "Porto San Giorgio ITA"]
[Date "2004.08.29"]
[Round "9"]
[White "Roeder, Matthias"]
[Black "Bukal, Vladimir jr"]
[Result "1-0"]
[WhiteElo "2431"]
[BlackElo "2390"]
[PlyCount "113"]
[EventDate "2004.08.21"]

1. Nf3 d5 2. c4 d4 3. g3 Nc6 4. Bg2 e5 5. O-O Nf6 6. d3 Be7 7. b4 Nxb4 8. Nxe5
O-O 9. a3 Na6 10. Bb2 Ng4 11. Nf3 Bf6 12. Nbd2 Nc5 13. a4 Ne6 14. a5 Rb8 15. h3
Nh6 16. Ba3 c5 17. Bc1 Be7 18. Nb3 Nf5 19. a6 Qc7 20. Na5 b6 21. Nc6 Qxc6 22.
Nh4 Qc7 23. Nxf5 Bf6 24. f4 Nd8 25. g4 Bxf5 26. gxf5 Qc8 27. Bb2 Qxf5 28. Kh2
Ne6 29. e4 Qg6 30. Bc1 Bd8 31. Qe1 Bc7 32. Ra2 Qh6 33. Qg3 Kh8 34. Kh1 b5 35.
Qg4 Qg6 36. cxb5 Rxb5 37. Qh4 f5 38. Re2 h6 39. exf5 Qxf5 40. Be4 Qf6 41. Qxf6
Rxf6 42. Bd5 Nf8 43. Re7 Bb6 44. Rg1 Rb1 45. Rexg7 Rg6 46. R7xg6 Nxg6 47. f5
Ne5 48. f6 c4 49. f7 Nxf7 50. Bxf7 c3 51. Bf4 Rxg1+ 52. Kxg1 Kg7 53. Bb3 Kg6
54. Kg2 h5 55. Kf3 Kf5 56. Ba4 Bc5 57. Bd7+ 1-0

[Event "XVI Festival A"]
[Site "Porto San Giorgio ITA"]
[Date "2004.08.29"]
[Round "9"]
[White "Rotoni, Matteo"]
[Black "Rovedi, Mauro"]
[Result "1-0"]
[WhiteElo "2101"]
[BlackElo "1957"]
[PlyCount "61"]
[EventDate "2004.08.21"]

1. e4 c6 2. d4 d5 3. e5 Bf5 4. h4 h6 5. g4 Bd7 6. h5 c5 7. c3 Nc6 8. Bh3 Qb6 9.
Ne2 e6 10. f4 cxd4 11. cxd4 Bb4+ 12. Nbc3 Bxc3+ 13. bxc3 Na5 14. f5 Ne7 15. O-O
O-O-O 16. f6 gxf6 17. Rxf6 Nec6 18. Kh2 Qc7 19. Bxh6 Rxh6 20. Rxh6 Nxe5 21.
dxe5 Qxe5+ 22. Ng3 Qe3 23. Rf6 Nc4 24. Qd4 Qg5 25. Qf4 Qg7 26. h6 Qh7 27. Rc1
e5 28. Qf2 Be6 29. g5 Bxh3 30. Kxh3 Rd6 31. Qf5+ 1-0

[Event "XVI Festival A"]
[Site "Porto San Giorgio ITA"]
[Date "2004.08.29"]
[Round "9"]
[White "Saccona, Silvano"]
[Black "Cerquitella, Luca"]
[Result "1-0"]
[WhiteElo "2098"]
[BlackElo "2173"]
[PlyCount "99"]
[EventDate "2004.08.21"]

1. c4 e5 2. Nc3 Nf6 3. Nf3 Nc6 4. d4 exd4 5. Nxd4 Bb4 6. e3 O-O 7. a3 Bxc3+ 8.
bxc3 Re8 9. Be2 Qe7 10. O-O d6 11. Rb1 Ne5 12. a4 Ne4 13. Qc2 Nc5 14. a5 Bd7
15. Ba3 Rab8 16. Nb5 Be6 17. Bxc5 dxc5 18. Qe4 Nc6 19. a6 f5 20. Qf3 Ne5 21.
Qf4 Ng6 22. Qf3 Ne5 23. Qg3 bxa6 24. Qxe5 axb5 25. cxb5 Qd6 26. Qg3 Qxg3 27.
hxg3 Red8 28. Rfd1 Rxd1+ 29. Rxd1 c4 30. Rd4 Rxb5 31. Bxc4 Bxc4 32. Rxc4 c5 33.
Kf1 Kf7 34. Ke2 Ke6 35. g4 Rb2+ 36. Kf3 Kd5 37. Ra4 fxg4+ 38. Rxg4 Rb7 39. Rh4
h6 40. c4+ Kd6 41. Ke4 Rb2 42. Rg4 g5 43. f4 Rb4 44. Kd3 Rb3+ 45. Kd2 Ke6 46.
fxg5 Kf5 47. Rg3 hxg5 48. e4+ Kxe4 49. Rxb3 Kd4 50. Ra3 1-0

[Event "XVI Festival A"]
[Site "Porto San Giorgio ITA"]
[Date "2004.08.29"]
[Round "9"]
[White "Sbraccia, Giovanni"]
[Black "Bastarelli, Giuseppe"]
[Result "0-1"]
[WhiteElo "2140"]
[BlackElo "1999"]
[PlyCount "66"]
[EventDate "2004.08.21"]

1. Nf3 d6 2. g3 e5 3. d3 f5 4. Nc3 Nf6 5. e4 Be7 6. Bg2 O-O 7. O-O Nc6 8. Nh4
f4 9. Nf5 g5 10. h4 Bxf5 11. exf5 h6 12. Ne4 Kg7 13. Nxf6 Rxf6 14. hxg5 hxg5
15. Qg4 Rh6 16. gxf4 exf4 17. Bd2 Bf6 18. Bc3 Bxc3 19. Bxc6 Bxb2 20. Bxb7 Bxa1
21. Rxa1 Qf6 22. Re1 Re8 23. Qd1 Rxe1+ 24. Qxe1 Qxf5 25. Qc3+ Qe5 26. Qxc7+ Kf6
27. Qd8+ Kf7 28. Qc7+ Qe7 29. Bd5+ Kf6 30. Qc3+ Qe5 31. d4 Qxd5 32. f3 Rh3 33.
Kf2 g4 0-1